| 000 | 01046nam a2200277 4500 | ||
|---|---|---|---|
| 001 | 174608 | ||
| 003 | ES-MaACL | ||
| 005 | 20250831072603.0 | ||
| 008 | 100511s1796 sp p |||| | spa d | ||
| 080 | _a27(460) | ||
| 100 | 1 |
_aFlórez, Enrique, _d1702-1773 _9142679 |
|
| 240 | 1 | 0 | _aEspaña sagrada |
| 245 | 1 | 0 |
_aEspaña sagrada. _nTomo XL, _pAntiguedades de la ciudad y sta. iglesia de Lugo _b: memorias de los insignes, monasterios de S. Julian de Samos, y S. Vicente de Monforte ... / _csu autor, Manuel Risco. |
| 260 |
_aEn Madrid : _ben la oficina de la viuda é hijo de Marin, _c1796. |
||
| 300 |
_a[16], 434 p. ; _c20 cm. |
||
| 504 | _aÍndices de cosas notables del tomo. | ||
| 504 | _aApéndices, p.290-427. | ||
| 546 | _aApéndices en latín. | ||
| 650 | 7 |
_2embne _aHistoria eclesiástica _913400 |
|
| 651 | 4 |
_aLugo- _xHistoria eclesiástica. _9142794 |
|
| 700 | 0 |
_aRisco, Manuel. _997459 |
|
| 852 | 4 |
_aES-MaACL _jR-1617-69 _x C-16767-818 |
|
| 942 | _2udc | ||
| 999 |
_c174608 _d174608 |
||